[Event "St Petersburg-ch (Women) 81st"]
[Site "St Petersburg"]
[Date "2013.03.11"]
[Round "1"]
[White "Korchagina, Victoria"]
[Black "Klevets, Ksenia"]
[Result "1-0"]
[WhiteElo "2030"]
[BlackElo "1891"]
[PlyCount "61"]
[EventDate "2013.03.11"]
[EventType "tourn"]
[EventRounds "11"]
[EventCountry "RUS"]
[SourceTitle "CBM 153 Extra"]
[Source "ChessBase"]
[SourceDate "2013.04.22"]
[SourceVersion "1"]
[SourceVersionDate "2013.04.22"]
[SourceQuality "1"]

1. e4 c5 2. Nf3 Nc6 3. d4 cxd4 4. Nxd4 d5 5. Bb5 dxe4 6. Nxc6 Qxd1+ 7. Kxd1 a6 8. Ba4 Bd7 9. Nc3 Bxc6 10. Bxc6+ bxc6 11. Nxe4 e5 12. c3 0-0-0+ 13. Kc2 f5 14. Ng5 Rd7 15. Re1 Bd6 16. f4 e4 17. Ne6 g6 18. c4 Bb4 19. Re2 Nf6 20. Be3 Re8 21. Nd4 Kb7 22. Nb3 Be7 23. Bd4 Nh5 24. g3 Red8 25. Rd1 Bf8 26. Na5+ Kc7 27. Red2 c5 28. Be5+ Bd6 29. Rxd6 Rxd6 30. b4 cxb4 31. c5 1-0